Detektor impulzných porúch v energetickej sieti = Detector of pulzed interferences in power network : Diplomová práca /

Na minha lista:
Detalhes bibliográficos
Autor principal: Hutár, Miroslav (Author)
Outros Autores: Ušák, Elemír, 1965- (Thesis advisor)
Formato: Manuscrito Livro
Publicado em: Bratislava : STU v Bratislave FEI, 1997
Assuntos:
Tags: Adicionar Tag
Sem tags, seja o primeiro a adicionar uma tag!

MARC

LEADER 00000ntm a22000003a 4500
001 stu9904
005 20160719164950.2
008 970627s1997----------------------------d
040 |a STU  |b slo 
041 0
100 1 |a Hutár, Miroslav  |4 aut 
245 1 |a Detektor impulzných porúch v energetickej sieti = Detector of pulzed interferences in power network :  |b Diplomová práca /  |c [aut.] Hutár,Miroslav; Škol. Ušák,Elemír 
260 |a Bratislava :  |b STU v Bratislave FEI,  |c 1997 
300 |a 67 s 
650 7 |a elektronika  |2 stusub 
700 1 |a Ušák, Elemír,  |d 1965-  |4 ths  |u E040  |U FEI Fakulta elektrotechniky a informatiky  |T FEI Ústav elektrotechniky  |X 1863  |U E040  |Y 550  |7 A000001863